Zawody na literę F - Statystyki

Ogólne statystyki
  • Ten quiz został rozwiązany 181 razy
  • Średni wynik to 6 z 13
Statystyki odpowiedzi
Zawód % Poprawnych
fryzjer
77%
fizyk
70%
farmaceuta
67%
farmer
60%
fotograf
58%
filozof
52%
fizjoterapeuta
48%
filmowiec
45%
florysta
35%
farmakolog
27%
futbolista
22%
finansista
21%
flisak
15%
Nie znaleziono quizów pasujących do podanych kryteriów
Rozkład punktacji
Procent ludzi z każdym wynikiem
Percentyl według liczby udzielonych odpowiedzi
Twoja historia wyników
Nie rozwiązałeś tego quizu